La revolución del gas natural : (Registro nro. 7394)
[ vista simple ]
| 000 -LEADER | |
|---|---|
| fixed length control field | 01371nam a22002777a 4500 |
| 003 - CONTROL NUMBER IDENTIFIER | |
| control field | OSt |
| 005 - DATE AND TIME OF LATEST TRANSACTION | |
| control field | 20210301160934.0 |
| 008 - FIXED-LENGTH DATA ELEMENTS--GENERAL INFORMATION | |
| fixed length control field | 210301t2014 ck a|||gr|||| 00| 0 spa d |
| 020 ## - INTERNATIONAL STANDARD BOOK NUMBER | |
| International Standard Book Number | 9789584239181 |
| 040 ## - CATALOGING SOURCE | |
| Original cataloging agency | CO-JMCR |
| Transcribing agency | CO-JMCR |
| 041 0# - LANGUAGE CODE | |
| Language code of text/sound track or separate title | spa |
| 082 04 - DEWEY DECIMAL CLASSIFICATION NUMBER | |
| Classification number | 338.2728 / |
| Item number | T626r |
| Edition number | 23 |
| 100 1# - MAIN ENTRY--PERSONAL NAME | |
| Personal name | Téllez, Edgar, |
| Relator term | editor |
| 9 (RLIN) | 12960 |
| 245 13 - TITLE STATEMENT | |
| Title | La revolución del gas natural : |
| Remainder of title | medio siglo de bienestar y competitividad para los colombianos / |
| Statement of responsibility, etc. | edición general Edgar Téllez |
| 250 ## - EDITION STATEMENT | |
| Edition statement | Primera edición |
| 260 ## - PUBLICATION, DISTRIBUTION, ETC. | |
| Place of publication, distribution, etc. | Bogotá : |
| Name of publisher, distributor, etc. | Planeta : Asociación Colombiana de Gas Natural - NATURGAS, |
| Date of publication, distribution, etc. | ©2014 |
| 300 ## - PHYSICAL DESCRIPTION | |
| Extent | 196 páginas : |
| Other physical details | ilustraciones y fotografías a blanco y negro y a color ; |
| Dimensions | 25 cm. |
| 505 0# - FORMATTED CONTENTS NOTE | |
| Formatted contents note | Los albores -- Sin petróleo pero con gas -- La Costa vs. el interior -- La nueva realidad -- Lo bueno del cambio -- El apoyo al sector térmico -- Industria, el gran consumidor -- Y ahora... los vehículos -- Reservas y garantía de suministro -- La nueva frontera |
| 650 14 - SUBJECT ADDED ENTRY--TOPICAL TERM | |
| Topical term or geographic name entry element | Gas natural |
| General subdivision | historia |
| Geographic subdivision | Colombia |
| 9 (RLIN) | 14185 |
| 650 24 - SUBJECT ADDED ENTRY--TOPICAL TERM | |
| Topical term or geographic name entry element | Gas natural domiciliario |
| Geographic subdivision | Colombia |
| 9 (RLIN) | 14186 |
| 650 24 - SUBJECT ADDED ENTRY--TOPICAL TERM | |
| Topical term or geographic name entry element | Gas |
| General subdivision | obtención y producción |
| Geographic subdivision | Colombia |
| 9 (RLIN) | 14187 |
| 650 24 - SUBJECT ADDED ENTRY--TOPICAL TERM | |
| Topical term or geographic name entry element | Servicios públicos |
| Geographic subdivision | Colombia |
| 9 (RLIN) | 14188 |
| 650 24 - SUBJECT ADDED ENTRY--TOPICAL TERM | |
| Topical term or geographic name entry element | Combustibles fósiles |
| Geographic subdivision | Colombia |
| 9 (RLIN) | 14189 |
| 650 24 - SUBJECT ADDED ENTRY--TOPICAL TERM | |
| Topical term or geographic name entry element | Industria del gas |
| Geographic subdivision | Colombia |
| 9 (RLIN) | 14190 |
| 942 ## - ADDED ENTRY ELEMENTS (KOHA) | |
| Source of classification or shelving scheme | Dewey Decimal Classification |
| Koha item type | Books |
| Withdrawn status | Lost status | Source of classification or shelving scheme | Damaged status | Not for loan | Collection code | Home library | Current library | Date acquired | Source of acquisition | Total Checkouts | Full call number | Barcode | Date last seen | Date last checked out | Copy number | Price effective from | Koha item type |
|---|---|---|---|---|---|---|---|---|---|---|---|---|---|---|---|---|---|
| Dewey Decimal Classification | Non-fiction | Biblioteca Pública José María del Castillo y Rada | Biblioteca Pública José María del Castillo y Rada | 12/18/2019 | Donación | 1 | 338.2728 / T626r | 201809612 | 05/16/2024 | 07/14/2022 | Ej.1 | 03/01/2021 | Books |